• 首页
  • 本馆介绍
  • 公告通知
  • 最新文献
  • 馆藏检索
  • 电子资源
  • 读者导购
  • 参考咨询
  • 我的图书馆
  • 登录
  • 详细信息显示
  • 放入我的书架
  • 预约/预借图书
  • 作者相关作品
  • 分类相关作品
  • 丛书相关作品
  • 出版社相关作品

书目信息

  • 表格格式
  • 工作单格式
  • 卡片格式
题名:
雕塑之韵
    
 
作者: 肖东发 主编 ;李丹丹 编著
分册:  
出版信息: 北京   现代出版社  2014
页数: 164页
开本: 23cm
丛书名: 中华精神家园
单 册:
中图分类: J309.22
科图分类:
主题词: 雕塑史--中国--古代
电子资源:
ISBN: 978-7-5143-3065-6
000 01071nam0 2200265 450
001 0104140428
005 20170828111920.0
010    @a978-7-5143-3065-6@dCNY29.80
100    @a20170320e2014 em y0chiy0120 ea
101 0  @achi
102    @aCN@b110000
105    @aa z 000yy
106    @ar
200 1  @a雕塑之韵@9Diao Su Zhi Yun @e雕塑历史与艺术内涵@f肖东发主编@g李丹丹编著@b专著
210    @a北京@c现代出版社@d2014
215    @a164页@c图@d23cm
225 1  @a中华精神家园@i文化标记
330    @a本书按照时间顺序共分为五个部分,介绍了中国古代不同历史时期雕塑的发展特点。内容包括:原始时代玉石和陶的雕塑、秦兵马俑展现巨雕之美、两晋首开佛教雕塑先河、庄严宏大的唐代帝陵石雕、神态逼真的宋代罗汉塑像、繁荣兴盛的元代民间雕塑、明代寺庙宗教雕塑的重兴、庄重豪华的清代象征雕塑等。
517 1  @a雕塑历史与艺术内涵@9diao su li shi yu yi shu nei han
606 0  @a雕塑史@y中国@z古代
690    @aJ309.22@v5
701  0 @a肖东发@f(1949~2016)@9xiao dong fa@4主编
702  0 @a李丹丹@9li dan dan@4编著
801  0 @aCN@bJL@c20150909
905    @aBZT@dJ309.22@e3@f4@sJ309.22/3
    
    雕塑之韵:雕塑历史与艺术内涵/肖东发主编/李丹丹编著.-北京:现代出版社,2014
    164页:图;23cm.-(中华精神家园.文化标记)
    
    
    ISBN 978-7-5143-3065-6:CNY29.80
    本书按照时间顺序共分为五个部分,介绍了中国古代不同历史时期雕塑的发展特点。内容包括:原始时代玉石和陶的雕塑、秦兵马俑展现巨雕之美、两晋首开佛教雕塑先河、庄严宏大的唐代帝陵石雕、神态逼真的宋代罗汉塑像、繁荣兴盛的元代民间雕塑、明代寺庙宗教雕塑的重兴、庄重豪华的清代象征雕塑等。
●
相关链接 在五车中查询图书 在当当中查询图书 在豆瓣中查询图书


正题名:雕塑之韵     索取号:J309.22/3         预约/预借

序号 登录号 条形码 馆藏地/架位号 状态 备注
1 2000050538   2000050538   旧书回溯/ [索取号:J309.22/3] 在馆    
2 2000050539   2000050539   旧书回溯/ [索取号:J309.22/3] 在馆    
3 2000050540   2000050540   旧书回溯/ [索取号:J309.22/3] 在馆    
4 2000058502   2000058502   旧书回溯/ [索取号:J309.22/3] 在馆    
山东省滨州职业学院图书馆 欢迎您!
大连网信软件有限公司© 版权所有